Economic papers 14
Guardado en:
| Formato: | Libro |
|---|---|
| Lenguaje: | inglés |
| Publicado: |
Warsaw
Central School of Planning and Statistics
1982
|
| Etiquetas: |
Sin Etiquetas, Sea el primero en etiquetar este registro!
|
MARC
| LEADER | 00000nam a2200000 4500 | ||
|---|---|---|---|
| 001 | c112825 | ||
| 005 | 20041019155154.0 | ||
| 041 | 0 | |a eng | |
| 044 | |a PL | ||
| 245 | 1 | 0 | |a Economic papers 14 |
| 264 | 1 | |a Warsaw |b Central School of Planning and Statistics |c 1982 | |
| 300 | |a 241 s. | ||